Transcendence : understanding contemporary global dynamics, issues, and challenges / Froilan C. Calilung, PhD, Dennis C. Coronacion, PhD. (Record no. 21341)

000 -LEADER
fixed length control field 00831nam a22002057a 4500
020 ## - INTERNATIONAL STANDARD BOOK NUMBER
ISBN 9786214092499
082 ## - DEWEY DECIMAL CLASSIFICATION NUMBER
Classification number 303.482
Item number C15399 2024
100 ## - MAIN ENTRY--AUTHOR NAME
Personal name Calilung, Froilan C., author.
245 ## - TITLE STATEMENT
Title Transcendence : understanding contemporary global dynamics, issues, and challenges / Froilan C. Calilung, PhD, Dennis C. Coronacion, PhD.
260 ## - PUBLICATION, DISTRIBUTION, ETC. (IMPRINT)
Place of publication Mandaluyong City :
Name of publisher Books Atbp. Publishing Corp.,
Year of publication ©2024.
300 ## - PHYSICAL DESCRIPTION
Number of Pages xiv, 256 pages :
Other physical details illustrations ; 26 cm
500 ## - GENERAL NOTE
General note Includes bibliographical references.
650 ## - SUBJECT ADDED ENTRY--TOPICAL TERM
Topical Term Globalization -- Social aspects.
650 ## - SUBJECT ADDED ENTRY--TOPICAL TERM
Topical Term World politics -- 21st century.
650 ## - SUBJECT ADDED ENTRY--TOPICAL TERM
Topical Term International relations -- 21st century.
650 ## - SUBJECT ADDED ENTRY--TOPICAL TERM
Topical Term Social change -- 21st century.
650 ## - SUBJECT ADDED ENTRY--TOPICAL TERM
Topical Term Environmental policy -- International cooperation.
700 ## - ADDED ENTRY--PERSONAL NAME
Personal name Coronacion, Dennis C.
942 ## - ADDED ENTRY ELEMENTS (KOHA)
Koha item type Books
Holdings
Source of acquisition Permanent Location Date acquired Koha item type Collection code Accession Number Lost status Shelving location Withdrawn status Current Location Full call number
SchoolCagayan State University - Carig Library2025-09-04BooksSocial Sciences011177 General Collection Cagayan State University - Carig Library303.482 C15399 2024
SchoolCagayan State University - Carig Library2025-09-04BooksSocial Sciences011178 General Collection Cagayan State University - Carig Library303.482 C15399 2024
SchoolCagayan State University - Carig Library2025-09-04BooksSocial Sciences011179 General Collection Cagayan State University - Carig Library303.482 C15399 2024

Cagayan State University University Library, Carig Campus
Tuguegarao City, Cagayan 3500 | www.csucarig.edu.ph

Powered by Koha